<?xml version="1.0" encoding="UTF-8"?>
<marc:record xmlns:marc="http://www.loc.gov/MARC21/slim">
   <marc:leader>00000nam a2200000 a 4500</marc:leader>
   <marc:datafield ind1="1" ind2=" " tag="100">
      <marc:subfield code="a">Banscherus, Jürgen</marc:subfield>
      <marc:subfield code="4">aut</marc:subfield>
      <marc:subfield code="e">Verfasser/-in</marc:subfield>
   </marc:datafield>
   <marc:datafield ind1="1" ind2=" " tag="100">
      <marc:subfield code="a">Butschkow, Ralf</marc:subfield>
   </marc:datafield>
   <marc:datafield ind1="0" ind2="0" tag="245">
      <marc:subfield code="a">Sherlocks Pfeife</marc:subfield>
   </marc:datafield>
   <marc:datafield ind1="0" ind2="0" tag="245">
      <marc:subfield code="c">Banscherus, Jürgen</marc:subfield>
   </marc:datafield>
   <marc:datafield ind1=" " ind2="1" tag="264">
      <marc:subfield code="a">Würzburg</marc:subfield>
      <marc:subfield code="b">Arena</marc:subfield>
      <marc:subfield code="c">2024</marc:subfield>
   </marc:datafield>
   <marc:datafield ind1="1" ind2=" " tag="490">
      <marc:subfield code="a">Ein Fall für Kwiatkowski</marc:subfield>
      <marc:subfield code="v">26</marc:subfield>
   </marc:datafield>
   <marc:datafield ind1=" " ind2=" " tag="250">
      <marc:subfield code="a">1. Auflage mit neuer Reihengestaltung</marc:subfield>
   </marc:datafield>
   <marc:datafield ind1="1" ind2=" " tag="520">
      <marc:subfield code="a">Spannende Krimireihe für Kinder ab 7 Jahren mit witzigen Bildern&#xD;
Ein neues Detektivmuseum in der Stadt? Das muss Kwiatkowski sehen! Doch das wertvollste Ausstellungsstück wurde gestohlen - die Pfeife von Sherlock Holmes. Ehrensache, dass Kwiatkowski den Fall übernimmt. Die Spuren führen ihn direkt zum Diebesgut, das Rätsel ist schnell gelöst. Zu schnell? Irgendetwas scheint faul an der Sache zu sein … Und tatsächlich, Kwiatkowskis Spürnase hat ihn nicht getäuscht!&#xD;
Bei Privatdetektiv Kwiatkowski bleibt kein Fall ungelöst! Die beliebte Detektiv-Reihe mit kurzen Kapiteln, großer Schrift und witzigen Illustrationen von Ralf Butschkow macht allen Lese-Anfängern Spaß und ist für Erstleser geeignet. Einfallsreich und spannend erzählt von Jürgen Banscherus, bietet Kwiatkowski coolen Lesestoff für Kinder ab 7 Jahren.&#xD;
Gelistet auf Antolin.de</marc:subfield>
   </marc:datafield>
   <marc:datafield ind1=" " ind2=" " tag="020">
      <marc:subfield code="a">9783401607177</marc:subfield>
      <marc:subfield code="9">9783401607177</marc:subfield>
   </marc:datafield>
   <marc:datafield ind1=" " ind2=" " tag="020">
      <marc:subfield code="a">3401607170</marc:subfield>
      <marc:subfield code="9">3401607170</marc:subfield>
   </marc:datafield>
   <marc:datafield ind1=" " ind2=" " tag="041">
      <marc:subfield code="a">ger</marc:subfield>
   </marc:datafield>
   <marc:datafield ind1=" " ind2=" " tag="300">
      <marc:subfield code="b">Illustrationen</marc:subfield>
   </marc:datafield>
   <marc:datafield ind1="0" ind2=" " tag="490">
      <marc:subfield code="v">26</marc:subfield>
   </marc:datafield>
   <marc:datafield ind1="1" ind2=" " tag="521">
      <marc:subfield code="a">Kind [ab 7 Jahren]</marc:subfield>
   </marc:datafield>
   <marc:datafield ind1=" " ind2=" " tag="338">
      <marc:subfield code="a">Band</marc:subfield>
   </marc:datafield>
   <marc:datafield ind1=" " ind2=" " tag="300">
      <marc:subfield code="a">87 Seiten</marc:subfield>
   </marc:datafield>
</marc:record>
